The New Yorker book of kids cartoons / (Record no. 18884)

000 -LEADER
fixed length control field 01648cam a22003614a 4500
001 - CONTROL NUMBER
control field 12428132
005 - DATE AND TIME OF LATEST TRANSACTION
control field 20170114103417.0
008 - FIXED-LENGTH DATA ELEMENTS--GENERAL INFORMATION
fixed length control field 010531s2001 njua 001 0 eng
010 ## - LIBRARY OF CONGRESS CONTROL NUMBER
LC control number 2001037380
020 ## - INTERNATIONAL STANDARD BOOK NUMBER
International Standard Book Number 1576600971 (alk. paper)
050 00 - LIBRARY OF CONGRESS CALL NUMBER
Classification number NC 1763 .C45N48 2001
245 04 - TITLE STATEMENT
Title The New Yorker book of kids cartoons /
Statement of responsibility, etc. edited by Robert Mankoff ; introduction by Roz Chast.
246 30 - VARYING FORM OF TITLE
Title proper/short title Book of kids cartoons
246 2# - VARYING FORM OF TITLE
Title proper/short title Book of kids (and the people who live with them) cartoons
260 ## - PUBLICATION, DISTRIBUTION, ETC. (IMPRINT)
Place of publication, distribution, etc. Princeton, NJ :
Name of publisher, distributor, etc. Bloomberg Press,
Date of publication, distribution, etc. c2001.
300 ## - PHYSICAL DESCRIPTION
Extent xiii, 126 p. :
Other physical details ill. ;
Dimensions 23 cm.
500 ## - GENERAL NOTE
General note On t.p. "kids" is followed by an asterisk that refers to "and the people who live with them".
500 ## - GENERAL NOTE
General note Includes index.
650 #0 - SUBJECT ADDED ENTRY--TOPICAL TERM
Topical term or geographic name as entry element Children
General subdivision Caricatures and cartoons.
650 #0 - SUBJECT ADDED ENTRY--TOPICAL TERM
Topical term or geographic name as entry element Parent and child
General subdivision Caricatures and cartoons.
650 #0 - SUBJECT ADDED ENTRY--TOPICAL TERM
Topical term or geographic name as entry element American wit and humor, Pictorial.
700 1# - ADDED ENTRY--PERSONAL NAME
Personal name Mankoff, Robert.
942 ## - ADDED ENTRY ELEMENTS (KOHA)
Source of classification or shelving scheme
Koha item type Hard Covered Materials
Classification part NC 1763 .C45N48 2001
Holdings
Withdrawn status Lost status Source of classification or shelving scheme Damaged status Not for loan Home library Current library Shelving location Date acquired Source of acquisition Total Checkouts Full call number Barcode Date last seen Price effective from Koha item type
          MACHAKOS UNIVERSITY LIBRARY MACHAKOS UNIVERSITY LIBRARY Technical section 14/01/2017 Donation (B.F.A)   NC 1763 .C45N48 2001 29692 05/07/2018 14/01/2017 Hard Covered Materials
© Machakos University Library, Along The Highway, Machakos Wote Rd, Machakos, Kenya P.O. Box 136 - 90100 Machakos - Kenya

Tel: ( +254 ) 723 805829 OR Fax : 044-20353 OR Email: library@mksu.ac.ke